| 000 | 00556nam a22001577a 4500 | ||
|---|---|---|---|
| 082 | _a670 | ||
| 100 | _aAhmad, Waqas | ||
| 245 |
_aDesign and Development of Structural parts for Unmanned Helicopter _cWaqas Ahmad |
||
| 260 |
_aIslamabad : _bSMME - NUST, _c2015. |
||
| 300 |
_a47 p. ; _c30cm. |
||
| 650 |
_aDesign and Manufacturing Engineering-MS-Thesis _916133 |
||
| 700 |
_aDr. Syed Irtiza Ali Shah _917447 |
||
| 856 | _uhttp://10.250.8.41:8080/xmlui/handle/123456789/38763 | ||
| 942 |
_2ddc _cTHE |
||
| 999 |
_c541095 _d541095 |
||